000 00747nam a2200253Ia 4500
003 OSt
005 20220927105447.0
006 a|||||r|||| 00| 0
007 ta
008 220926b |||||||| |||| 00| 0 eng d
024 _a175047
037 _cReference Collections
040 _aRTL
_cRTL
_beng
041 _2eng
_aeng
082 _a"V2, 32p.N95, N5.46-2/GD"
110 _a"INDIA, LOK SABHA"
_9372699
245 0 _aLok Sabha Debates
_b Fifteenth Session.
260 _aNew
_bDelhi Lok Sabha Debates India
_c1995
300 _a547p.
_ccm.
490 _v46 Vol. no.20
_aTenth Series
700 _a"INDIA, LOK SABHA"
_9372700
942 _h"V2, 32p.N95, N5.46-2/GD"
_cCC
999 _c692678
_d692678